000
00266nam a22001217a 4500
005
20171025110219.0
008
171025b xxu||||| |||| 00| 0 eng d
041
_a
eng
082
_a
657
245
_a
ADVANCED ACCOUNTING IPCC, GROUP 2
300
_a
332p.
942
_c
BK
999
_c
5629
_d
5627